| 000 | 00905cam a2200277 a 4500 | ||
|---|---|---|---|
| 001 | 12362100 | ||
| 003 | OSt | ||
| 005 | 20141021142539.0 | ||
| 008 | 010328s2001 maua b 001 0 eng | ||
| 010 | _a 00133811 | ||
| 020 | _a0618051864 | ||
| 040 |
_aDLC _cDLC _dDLC |
||
| 050 | 0 | 0 |
_aHD57.7 _b.D83 2001 |
| 082 | 0 | 0 |
_a303.3 _221 _bDUB 2001 |
| 100 | 1 |
_aDuBrin, Andrew J. _91401 |
|
| 245 | 1 | 0 |
_aLeadership : _bresearch findings, practice, and skills / _cAndrew J. DuBrin. |
| 250 | _a3rd ed. | ||
| 260 |
_aBoston : _bHoughton Mifflin, _c2001. |
||
| 300 |
_axxiv, 487 p. : _bill. ; _c24 cm. |
||
| 504 | _aIncludes bibliographical references (p. 457-470) and indexes. | ||
| 650 | 0 |
_aLeadership. _91402 |
|
| 650 | 0 |
_aEmployee motivation. _91403 |
|
| 906 |
_a7 _bcbc _corigcop _d2 _encip _f20 _gy-gencatlg |
||
| 942 |
_2ddc _cSLOAN |
||
| 999 |
_c540 _d540 |
||